Équipe de la RD Congo pour la coupe du monde 2026 - Statistiques

Statistiques générales
  • Ce quiz a été pris 22 fois
  • Le résultat moyen est 13 sur 26
Statistiques - réponses
nom % Correct
Chancel Mbemba
88%
Aaron Wan-Bissaka
63%
Alex Tuanzebe
63%
Arthur Masuaku
63%
Edo Kayembe
63%
Joris Kayembe
63%
Lionel Mpasi
63%
Matthieu Epolo
63%
Noah Sadiki
63%
Cédric Bakambu
50%
Dylan Batubinsika
50%
Meschack Elia
50%
Ngal'ayel Mukau
50%
Rocky Bushiri
50%
Samuel Moutoussamy
50%
Théo Bongonda
50%
Thimothy Fayulu
50%
Yoane Wissa
50%
Fiston Mayele
38%
Gédéon Kalulu
38%
Simon Banza
38%
Steve Kapuadi
38%
Charles Pickel
25%
Gaël Kakuta
25%
Nathanaël Mbuku
25%
Brian Cipenga
13%
Aucun quiz correspondant
Distribution des résultats
% des personnes avec chaque résultat
Percentile par nombre de réponses
Votre historique - résultats
Vous n’avez pas pris ce quiz